00607nam a22001937a 450000500170000001000150001702000260003203500140005803700090007208200080008124500310008926000510012027000440017130000190021570000100023494200220024499900190026695201280028520240522144602.0 aENG-140479 a9789384440169c700.00 aEN-124011 bDBAD a658 aBBA/BBS/BBM Entrance Exam/ bKhurana Publishing House PVT. LTDc2018aDelhi aA-5/14, Jhilmil Industrial Area, Delhi  a88p.c25cm(hb) 966728 2ddccENh658mBBA c203172d203172 001040708NFICaNPLbNPLd2024-05-22eDBADg700.00l0o658 BBApEN-124011r2024-05-22 00:00:00t1v700.00w2024-05-22yEN